Perfis doutrinr̀ios e direito concreto 2ð Livro

Detalles Bibliográficos
Autor principal: Filgueira Mendes, Francisco de Assis
Formato: eBook
Lenguaje:portugués
Publicado: Rio de Janeiro: Editora Processo, 2017
Materias:
Acceso en línea:Acceso restringido

MARC

LEADER 00000nam a22000007a 4500
005 20220817014940.0
007 cr|||| ||||
008 220817s2017 br |||||s|||| 00||0 por d
020 |a 978-857147-9586 
035 |a 36841 
040 |a vLex 
090 |c 13719  |d 13719 
100 1 |a Filgueira Mendes, Francisco de Assis 
245 1 0 |a Perfis doutrinr̀ios e direito concreto  |h [Recurso electrn̤ico] /  |c Francisco de Assis Filgueira Mendes   |n 2ð Livro 
256 |a Servicio en ln̕ea 
260 |a Rio de Janeiro:  |b Editora Processo,  |c 2017 
300 |a 1 recurso electrn̤ico 
500 |a O autor ren︢e textos doutrinr̀ios que ensinam importantes temas do Direito Processual Civil, aliando-os ̉sua experin̊cia profissional de juiz e, depois, de Desembargador do Tribunal de Justiȧ do Cear.̀ H,̀ enfim, a junȯ̂ de perfis doutrinr̀ios com o direito concreto ou o direito vivo, a revelar como realiza a justiȧ e d ̀soluȯ̂ s̉ disputas levadas ao seu elevado crivo. 
506 1 |a Disponible solo en los productos indicados  |d vLex Global  |d vLex Global (Academic Edition, excluding Law Schools)  |d vLex Global (U.S. Academic Edition, Law Schools)  |d vLex Global (U.S. Academic Edition, excluding Law Schools)  |d vLex Global (Academic Edition, Law Schools) 
650 0 4 |a Derecho Civil  |z Brasil 
740 0 |a vLex Libros (Servicio en ln̕ea) 
856 4 0 |u https://app.vlex.com/#/sources/36841  |z Acceso restringido 
942 |c BOOK 
999 0 |a Civil Law